| 000 | 00702cam a22001934a 4500 | ||
|---|---|---|---|
| 020 | _a0521537436 | ||
| 082 | 0 | 0 |
_a363.34 _bBRY _cN-02,p-64 |
| 100 | 1 |
_aBryant, Edward, _936288 |
|
| 245 | 1 | 0 |
_aNatural hazards / _cEdward Bryant. |
| 250 | _a2nd ed. | ||
| 260 |
_aCambridge : _bCambridge University Press, _cc2005. |
||
| 300 |
_axvi, 312 p. : _bill., maps ; _c28 cm. |
||
| 526 |
_a0 _b0 _c0 _d363_340000000000000_BRY |
||
| 650 | 0 |
_aNatural disasters. _bNUST _936289 |
|
| 856 | 4 | 1 | _uhttp://www.loc.gov/catdir/toc/ecip0421/2004018299.html |
| 856 | 4 | 2 | _uhttp://www.loc.gov/catdir/description/cam051/2004018299.html |
| 856 | 4 | 2 | _uhttp://www.loc.gov/catdir/enhancements/fy0732/2004018299-b.html |
| 942 |
_2ddc _cBK |
||
| 999 |
_c541429 _d541429 |
||